<?xml version="1.0" encoding="UTF-8"?>
<marc:record xmlns:marc="http://www.loc.gov/MARC21/slim">
   <marc:leader>00000nam a2200000 a 4500</marc:leader>
   <marc:datafield ind1="1" ind2=" " tag="100">
      <marc:subfield code="a">Musik</marc:subfield>
      <marc:subfield code="4">aut</marc:subfield>
      <marc:subfield code="e">Verfasser/-in</marc:subfield>
   </marc:datafield>
   <marc:datafield ind1=" " ind2=" " tag="653">
      <marc:subfield code="a">Musik</marc:subfield>
   </marc:datafield>
   <marc:datafield ind1=" " ind2=" " tag="653">
      <marc:subfield code="a">Kinderlieder</marc:subfield>
   </marc:datafield>
   <marc:datafield ind1=" " ind2=" " tag="653">
      <marc:subfield code="a">Tonie Hörfigur</marc:subfield>
   </marc:datafield>
   <marc:datafield ind1=" " ind2=" " tag="653">
      <marc:subfield code="a">Tonies</marc:subfield>
   </marc:datafield>
   <marc:datafield ind1=" " ind2=" " tag="653">
      <marc:subfield code="a">Tonie-Hörbuch</marc:subfield>
   </marc:datafield>
   <marc:datafield ind1=" " ind2=" " tag="653">
      <marc:subfield code="a">Lieder</marc:subfield>
   </marc:datafield>
   <marc:datafield ind1=" " ind2=" " tag="653">
      <marc:subfield code="a">Jahreszeiten</marc:subfield>
   </marc:datafield>
   <marc:datafield ind1="0" ind2="0" tag="245">
      <marc:subfield code="a">Jahreszeitenlieder</marc:subfield>
   </marc:datafield>
   <marc:datafield ind1="0" ind2="0" tag="245">
      <marc:subfield code="b">Tonies Lieblings-Kinderlieder</marc:subfield>
   </marc:datafield>
   <marc:datafield ind1=" " ind2="1" tag="264">
      <marc:subfield code="b">Boxine GmbH</marc:subfield>
      <marc:subfield code="c">2022</marc:subfield>
   </marc:datafield>
   <marc:datafield ind1="1" ind2=" " tag="490">
      <marc:subfield code="a">Tonie</marc:subfield>
   </marc:datafield>
   <marc:datafield ind1="1" ind2=" " tag="520">
      <marc:subfield code="a">Singen und Tanzen im Frühjahr, Sommer, Herbst und Winter: 22 der beliebtesten Jahreszeitenlieder begleiten dich durch Jahr û modern interpretiert von den Minimusikern.  Titelliste 01 - Es war eine Mutter 02 - Ich lieb den Frühling 03 - Kuckuck, Kuckuck, ruftæs aus dem Wald 04 - Singt ein Vogel 05 - Es tönen die Lieder 06 - Hey, kleiner Osterhase 07 - Komm, lieber Mai, und mache 08 - Trarira, der Sommer, der ist da 09 - Wenn der Sommer kommt 10 - Ich bin ein Sommerkind 11 - Weißt du, wie der Sommer riecht? 12 - Beim großen Wiesensommerfest 13 - Bunt sind schon die Wälder 14 - Der Herbst ist da 15 - Herr Bst 16 - Laterne, Laterne 17 - A, a, a, der Winter, der ist da 18 - Wunderschöne Winterzeit 19 - Lasst uns froh und munter sein 20 - Hurra, es schneit 21 - Morgen, Kinder, wirdæs was geben 22 - Winterschlaf (Kleine Igel schlafen gern ...) 23 - Das Jahreszeitenlied</marc:subfield>
   </marc:datafield>
   <marc:datafield ind1="3" ind2=" " tag="024">
      <marc:subfield code="a">4251192122902</marc:subfield>
   </marc:datafield>
</marc:record>
